Score 0/18 Timer 05:00
1 Play Today
% Correct
Dumb & Dumber
94.1%
Batman Returns
77.6%
Beethoven
76%
The Big Lebowski
67.4%
A Christmas Story
67.1%
Bram Stoker's Dracula
65.1%
True Lies
59.8%
The Lord of the Rings: The Fellowship of the Ring
59.4%
Showgirls
59%
% Correct
Horrible Bosses
56.2%
Jennifer's Body
47.7%
A Nightmare on Elm Street
46.8%
Dark Shadows
43.9%
Shrek Forever After
40.5%
Terminator 2: Judgment Day
38.5%
Cry Baby
35.3%
Mirror Mirror
5.3%
Flirting with Disaster
5%

You're not logged in!

Compare scores with friends on all Sporcle quizzes.
OR
Log In

Sporcle TV

Today on Sporcle TV


Watch our educational content, quiz creation guides, and fun videos on Sporcle TV.

Show Comments

Extras

Top Quizzes Today


Score Distribution

Paid Content

Your Account Isn't Verified!

In order to create a playlist on Sporcle, you need to verify the email address you used during registration. Go to your Sporcle Settings to finish the process.

Report this User

Report this user for behavior that violates our Community Guidelines.

Details: